000 00773nac a2200229 a 4500
003 Co-PeBPM
005 20240326162426.0
008 240326e2006 |||||||| |||| 00| 0 eng d
020 _a9589792235
040 _aCo-PeBPM
_bspa
_cCo-PeBPM
_erda
082 0 4 _a345.05 B719a
100 1 _aBonorino, Pablo Raúl
245 1 0 _aArgumentaciones orales en debates judiciales
_c/ Pablo Raúl Bonorino
250 _aPrimera edición
260 _aBogotá, Colombia
_b: Concejo Superior de la Judicatura. Sala Administrativa
_bEscuela Judicial "Rodrigo Lara Bonilla"
_c, 2006
300 _a145 páginas
_c; 24 centímetros
500 _aIncluye tabla de contenido.
650 1 _aArgumentación jurídica
650 1 _aDebates
650 1 _aInterrogatorios
942 _2ddc
_cBK
_n0
999 _c26674
_d26674